000
00322pam a2200145 a 4500
020
_c
041
_a
eng
082
_a
576.163
_b
WIL
100
_a
William Frazier .
245
_a
Food Microbiology
_h
Textual Documents
250
_a
2007.
260
_a
New Delhi
_b
Tata McGraw Hill
300
_a
539 pg .
930
_a
8747
999
_c
85653
_d
85653